Pasajeros de Indias: viajes trasatlánticos en el siglo XVI
Guardat en:
| Autor principal: | |
|---|---|
| Format: | Llibre |
| Idioma: | espanyol |
| Publicat: |
Madrid
Alianza
1983
|
| Matèries: | |
| Etiquetes: |
Afegir etiqueta
Sense etiquetes, Sigues el primer a etiquetar aquest registre!
|
MARC
| LEADER | 00000nam a2200000 a 4500 | ||
|---|---|---|---|
| 001 | UCP7904 | ||
| 003 | CL-VaPUC | ||
| 008 | 000106e19830000SP |||||||||||||||||spa|d | ||
| 082 | 0 | 4 | |a 910.4 |b MAR |2 21 |
| 100 | |a Martínez Rodríguez, José Luis |e autor |9 518563 | ||
| 245 | 1 | 0 | |a Pasajeros de Indias: viajes trasatlánticos en el siglo XVI |
| 300 | |a 303 p | ||
| 942 | |c BK | ||
| 945 | |d 20000106 00:00:00 |a rherrera | ||
| 260 | |a Madrid |b Alianza |c 1983 | ||
| 650 | 0 | |a Viajes |9 257115 | |
| 650 | 7 | |a EXPEDICIONES |2 CL-VaPUC |9 268484 | |
| 650 | 0 | |a Relatos |9 369412 | |
| 650 | 7 | |a MIGRACION DE PERSONAS |2 CL-VaPUC |9 357970 | |
| 650 | 0 | |a Comercio |9 255341 | |
| 650 | 0 | |a Naufragios |9 317857 | |
| 650 | 0 | |a Esclavos |9 258558 | |
| 650 | 7 | |a SANIDAD |2 CL-VaPUC |9 354577 | |
| 583 | |a last modification |c 20000106 00:00:00 |k Rodrigo Vera | ||
| 999 | |c 284941 |d 284939 | ||
| 952 | |0 0 |1 0 |4 0 |6 910_400000000000000_MAR_1983 |7 0 |8 A |9 329259 |a BIBHIS |b BIBHIS |d 2019-11-20 |i 1376225 |o 910.4 MAR 1983 |p 1376225 |r 2025-01-20 |w 2019-11-20 |y BK |k HIS | ||